01355nam a2200277 a 4500001001000000003000900010005001700019008004100036040002500077082001700102100004800119245011700167260003800284300002800322500002100350500007700371590002700448650006200475910001400537942001400551952012600565952012000691952012600811952012500937999001501062000004953DO-SdBNP20210531175117.0090728s1990 dr a r 00 0 spa d aDO-SdBNPbspacBNPHU a359.6bG216c1 aGarcía Alecont, Víctor Francisco91430410aCompendio administrativo de consulta para la Marina de Guerra Dominicana /cVíctor Francisco García Alecont. aSanto Domingo :bCorripio,c1990. a352 p. :bil. ;c23 cm. aIncluye índice aIncluye datos biográficos del autor en la solapa de la contraportada.  aInventariado, 2020/ YL14aMarina de guerraxManualeszRepública Dominicana914305 aYLockward 2ddccLBS1 00102ddc56708DSaGRbGRcCTd2013-05-07eDonacióniLF1l0o359.6 G216cp4953-30r2020-06-25te. 3w2020-06-25yLFDS 00102ddc51718PDaPDbPDcHDd2009-07-28eDonacióniLF1l0o359.6 G216cp4953-10r2020-06-25w2020-06-25yLFPD 00102ddc53728PDaPDbPDcHDd2009-07-28eDonacióniLF1l0o359.6 G216cp4953-20r2020-06-25te. 2w2020-06-25yLFPD 00102ddc56708MOaGRbGRcCTd1991-05-07eJoaquín BalagueriLF1l0o359.6 G216cr2020-11-11te. 4w2020-06-25yLBS1 c4759d4759